[Event "ODJM A 2023"]
[Site "Willingen GER"]
[Date "2023.06.03"]
[Round "9"]
[White "Sabirov, Rafael"]
[Black "Weidemann, Jakob"]
[Result "1/2-1/2"]
[Termination "normal"]
[Board "2"]
[WhiteElo "2089"]
[BlackElo "2125"]
[WhiteClock "00:06:35"]
[BlackClock "00:10:09"]
[PlyCount "103"]
[WhiteFideId "16241185"]
[BlackFideId "16255470"]
[EventCountry "GER"]
[EventRounds "9"]
[EventType "swiss"]
[EventDate "2023.05.27"]

1. e4 {[%clk 01:30:59]} {[%emt 20:09:49]} c5 {[%clk 01:30:51]} {[%emt
00:00:10]} 2. Nc3 {[%clk 01:31:28]} {[%emt 00:00:02]} Nc6 {[%clk 01:31:06]}
{[%emt 00:00:14]} 3. f4 {[%clk 01:31:55]} {[%emt 00:00:03]} g6 {[%clk
01:31:00]} {[%emt 00:00:35]} 4. Nf3 {[%clk 01:32:17]} {[%emt 00:00:08]} Bg7
{[%clk 01:31:10]} {[%emt 00:00:20]} 5. Bb5 {[%clk 01:32:44]} {[%emt 00:00:04]}
Nd4 {[%clk 01:31:26]} {[%emt 00:00:13]} 6. O-O {[%clk 01:33:06]} {[%emt
00:00:08]} a6 {[%clk 01:31:47]} {[%emt 00:00:10]} 7. Bd3 {[%clk 01:27:34]}
{[%emt 00:06:01]} Nh6 {[%clk 01:30:40]} {[%emt 00:01:38]} 8. a4 {[%clk
01:19:29]} {[%emt 00:08:36]} O-O {[%clk 01:28:54]} {[%emt 00:02:15]} 9. b3
{[%clk 01:13:06]} {[%emt 00:06:53]} b6 {[%clk 01:18:27]} {[%emt 00:10:57]} 10.
Bb2 {[%clk 01:11:00]} {[%emt 00:02:36]} Bb7 {[%clk 01:18:37]} {[%emt 00:00:19]}
11. Rb1 {[%clk 01:05:29]} {[%emt 00:06:02]} f5 {[%clk 01:10:37]} {[%emt
00:08:30]} 12. Bc4+ {[%clk 00:53:15]} {[%emt 00:12:44]} e6 {[%clk 01:07:25]}
{[%emt 00:03:42]} 13. e5 {[%clk 00:53:05]} {[%emt 00:00:41]} Nxf3+ {[%clk
01:07:41]} {[%emt 00:00:13]} 14. Rxf3 {[%clk 00:48:49]} {[%emt 00:04:46]} Bxf3
{[%clk 01:05:14]} {[%emt 00:02:58]} 15. Qxf3 {[%clk 00:45:34]} {[%emt
00:03:45]} Nf7 {[%clk 00:59:55]} {[%emt 00:05:48]} 16. Re1 {[%clk 00:39:50]}
{[%emt 00:06:14]} g5 {[%clk 00:49:35]} {[%emt 00:10:50]} 17. g3 {[%clk
00:39:49]} {[%emt 00:00:31]} gxf4 {[%clk 00:49:20]} {[%emt 00:00:45]} 18. gxf4
{[%clk 00:40:11]} {[%emt 00:00:08]} Qh4 {[%clk 00:49:15]} {[%emt 00:00:34]} 19.
Qg3 {[%clk 00:34:25]} {[%emt 00:06:16]} Qxg3+ {[%clk 00:49:35]} {[%emt
00:00:10]} 20. hxg3 {[%clk 00:34:54]} {[%emt 00:00:02]} Nd8 {[%clk 00:40:48]}
{[%emt 00:09:17]} 21. d4 {[%clk 00:25:58]} {[%emt 00:09:26]} cxd4 {[%clk
00:32:15]} {[%emt 00:09:04]} 22. Ne2 {[%clk 00:26:00]} {[%emt 00:00:27]} Nc6
{[%clk 00:32:24]} {[%emt 00:00:20]} 23. Nxd4 {[%clk 00:24:52]} {[%emt
00:01:38]} Nxd4 {[%clk 00:32:35]} {[%emt 00:00:20]} 24. Bxd4 {[%clk 00:25:20]}
{[%emt 00:00:02]} d5 {[%clk 00:32:34]} {[%emt 00:00:31]} 25. Bd3 {[%clk
00:25:23]} {[%emt 00:00:28]} Rfb8 {[%clk 00:29:24]} {[%emt 00:03:39]} 26. Kg2
{[%clk 00:16:04]} {[%emt 00:09:48]} b5 {[%clk 00:28:31]} {[%emt 00:01:24]} 27.
a5 {[%clk 00:11:13]} {[%emt 00:05:22]} Bf8 {[%clk 00:25:03]} {[%emt 00:03:57]}
28. Ra1 {[%clk 00:09:08]} {[%emt 00:02:35]} Rc8 {[%clk 00:24:18]} {[%emt
00:01:15]} 29. Kf3 {[%clk 00:09:08]} {[%emt 00:00:30]} Bc5 {[%clk 00:24:11]}
{[%emt 00:00:37]} 30. Bb2 {[%clk 00:09:22]} {[%emt 00:00:16]} Ra7 {[%clk
00:23:31]} {[%emt 00:01:10]} 31. g4 {[%clk 00:07:05]} {[%emt 00:02:47]} fxg4+
{[%clk 00:23:23]} {[%emt 00:00:38]} 32. Kxg4 {[%clk 00:07:33]} Rg7+ {[%clk
00:22:51]} {[%emt 00:01:02]} 33. Kf3 {[%clk 00:07:51]} {[%emt 00:00:13]} Rg1
{[%clk 00:20:21]} {[%emt 00:02:59]} 34. Rxg1+ {[%clk 00:06:53]} {[%emt
00:01:29]} Bxg1 {[%clk 00:20:41]} {[%emt 00:00:10]} 35. f5 {[%clk 00:06:45]}
{[%emt 00:00:38]} exf5 {[%clk 00:19:23]} {[%emt 00:01:49]} 36. Kf4 {[%clk
00:05:02]} {[%emt 00:02:12]} Kf7 {[%clk 00:14:25]} {[%emt 00:05:28]} 37. e6+
{[%clk 00:04:42]} {[%emt 00:00:50]} Ke7 {[%clk 00:09:32]} {[%emt 00:05:23]} 38.
Kxf5 {[%clk 00:04:50]} {[%emt 00:00:21]} Bh2 {[%clk 00:07:47]} {[%emt
00:02:15]} 39. Bf6+ {[%clk 00:04:17]} {[%emt 00:01:04]} Kd6 {[%clk 00:07:52]}
{[%emt 00:00:24]} 40. e7 {[%clk 00:00:35]} {[%emt 00:04:12]} Kd7 {[%clk
00:00:37]} {[%emt 00:07:46]} 41. Kg5 {[%clk 00:22:14]} {[%emt 00:08:51]} Rg8+
{[%clk 00:24:24]} {[%emt 00:06:43]} 42. Kh6 {[%clk 00:20:30]} {[%emt 00:02:14]}
Re8 {[%clk 00:22:34]} {[%emt 00:02:19]} 43. Bxh7 {[%clk 00:09:24]} {[%emt
00:11:38]} Rxe7 {[%clk 00:17:57]} {[%emt 00:05:07]} 44. Bxe7 {[%clk 00:09:21]}
{[%emt 00:00:32]} Kxe7 {[%clk 00:18:20]} {[%emt 00:00:07]} 45. Bf5 {[%clk
00:08:06]} {[%emt 00:01:45]} Kd8 {[%clk 00:18:26]} {[%emt 00:00:24]} 46. Kg5
{[%clk 00:07:02]} {[%emt 00:01:34]} Kc7 {[%clk 00:10:55]} {[%emt 00:08:01]} 47.
Be6 {[%clk 00:06:49]} {[%emt 00:00:43]} d4 {[%clk 00:10:54]} {[%emt 00:00:31]}
48. Kf5 {[%clk 00:06:18]} {[%emt 00:01:01]} Bg1 {[%clk 00:09:19]} {[%emt
00:02:05]} 49. Ke4 {[%clk 00:06:00]} {[%emt 00:00:47]} Bf2 {[%clk 00:09:25]}
{[%emt 00:00:24]} 50. Kd5 {[%clk 00:05:44]} {[%emt 00:00:46]} Bg1 {[%clk
00:09:45]} {[%emt 00:00:09]} 51. Ke4 {[%clk 00:06:10]} {[%emt 00:00:05]} Bf2
{[%clk 00:10:09]} {[%emt 00:00:06]} 52. Kd5 {[%clk 00:06:35]} 1/2-1/2

[Event "ODJM A 2023"]
[Site "Willingen GER"]
[Date "2023.06.03"]
[Round "9"]
[White "Sabirov, Ramil"]
[Black "Hofmann, Lorenz"]
[Result "1-0"]
[Termination "normal"]
[Board "3"]
[WhiteElo "2109"]
[BlackElo "2061"]
[WhiteClock "00:23:21"]
[BlackClock "00:24:44"]
[PlyCount "101"]
[WhiteFideId "12900303"]
[BlackFideId "12995509"]
[EventCountry "GER"]
[EventRounds "9"]
[EventType "swiss"]
[EventDate "2023.05.27"]

1. Nf3 {[%clk 01:30:57]} {[%emt 00:00:02]} d5 {[%clk 01:30:57]} {[%emt
00:00:03]} 2. e3 {[%clk 01:31:23]} {[%emt 00:00:04]} c5 {[%clk 01:31:11]}
{[%emt 00:00:16]} 3. c4 {[%clk 01:31:36]} {[%emt 00:00:17]} e6 {[%clk
01:31:01]} {[%emt 00:00:40]} 4. cxd5 {[%clk 01:28:02]} {[%emt 00:04:04]} exd5
{[%clk 01:31:21]} {[%emt 00:00:09]} 5. d4 {[%clk 01:28:07]} {[%emt 00:00:25]}
Nc6 {[%clk 01:27:58]} {[%emt 00:03:52]} 6. Nc3 {[%clk 01:26:16]} {[%emt
00:02:21]} Nf6 {[%clk 01:26:49]} {[%emt 00:01:38]} 7. Be2 {[%clk 01:24:25]}
{[%emt 00:02:21]} cxd4 {[%clk 01:14:00]} {[%emt 00:13:19]} 8. Nxd4 {[%clk
01:24:20]} {[%emt 00:00:35]} Bc5 {[%clk 01:12:13]} {[%emt 00:02:17]} 9. Nxc6
{[%clk 01:19:47]} {[%emt 00:05:03]} bxc6 {[%clk 01:12:33]} {[%emt 00:00:10]}
10. O-O {[%clk 01:19:55]} {[%emt 00:00:21]} O-O {[%clk 01:06:31]} {[%emt
00:06:31]} 11. b3 {[%clk 01:18:26]} {[%emt 00:02:00]} Re8 {[%clk 01:03:42]}
{[%emt 00:03:19]} 12. Bb2 {[%clk 01:17:42]} {[%emt 00:01:14]} Bd6 {[%clk
01:01:31]} {[%emt 00:02:41]} 13. Rc1 {[%clk 01:13:33]} {[%emt 00:04:39]} Bd7
{[%clk 00:48:47]} {[%emt 00:13:15]} 14. Bf3 {[%clk 01:07:56]} {[%emt 00:06:07]}
Rc8 {[%clk 00:36:49]} {[%emt 00:12:27]} 15. Re1 {[%clk 00:41:29]} {[%emt
00:26:57]} Bf5 {[%clk 00:35:50]} {[%emt 00:01:29]} 16. Ne2 {[%clk 00:36:46]}
{[%emt 00:05:13]} Ne4 {[%clk 00:31:26]} {[%emt 00:04:54]} 17. Ng3 {[%clk
00:32:41]} {[%emt 00:04:35]} Qh4 {[%clk 00:23:48]} {[%emt 00:08:07]} 18. Bxe4
{[%clk 00:27:15]} {[%emt 00:05:58]} Bxe4 {[%clk 00:24:09]} {[%emt 00:00:09]}
19. Qd4 {[%clk 00:26:10]} {[%emt 00:01:35]} Be5 {[%clk 00:23:17]} {[%emt
00:01:21]} 20. Qd2 {[%clk 00:26:30]} {[%emt 00:00:10]} Bxb2 {[%clk 00:19:23]}
{[%emt 00:04:25]} 21. Qxb2 {[%clk 00:26:55]} {[%emt 00:00:04]} Re6 {[%clk
00:19:46]} {[%emt 00:00:07]} 22. Qd4 {[%clk 00:23:27]} {[%emt 00:03:58]} Rh6
{[%clk 00:15:52]} {[%emt 00:04:24]} 23. h3 {[%clk 00:20:57]} {[%emt 00:03:00]}
Re8 {[%clk 00:15:34]} {[%emt 00:00:49]} 24. Qxa7 {[%clk 00:15:42]} {[%emt
00:05:45]} Bxg2 {[%clk 00:13:36]} {[%emt 00:02:27]} 25. Kxg2 {[%clk 00:06:30]}
{[%emt 00:09:43]} Qxh3+ {[%clk 00:14:02]} {[%emt 00:00:05]} 26. Kf3 {[%clk
00:06:47]} {[%emt 00:00:12]} Rf6+ {[%clk 00:11:50]} {[%emt 00:02:41]} 27. Ke2
{[%clk 00:07:11]} {[%emt 00:00:06]} Qg4+ {[%clk 00:10:30]} {[%emt 00:01:49]}
28. Kd2 {[%clk 00:07:11]} {[%emt 00:00:31]} Rxf2+ {[%clk 00:09:28]} {[%emt
00:01:32]} 29. Ne2 {[%clk 00:07:36]} {[%emt 00:00:04]} h5 {[%clk 00:08:33]}
{[%emt 00:01:25]} 30. Rxc6 {[%clk 00:04:23]} {[%emt 00:03:43]} h4 {[%clk
00:04:04]} {[%emt 00:04:59]} 31. Qd4 {[%clk 00:03:00]} {[%emt 00:01:54]} Qg5
{[%clk 00:04:13]} {[%emt 00:00:20]} 32. Rc5 {[%clk 00:01:36]} {[%emt 00:01:54]}
Re5 {[%clk 00:02:26]} {[%emt 00:02:16]} 33. Rh1 {[%clk 00:01:03]} {[%emt
00:01:03]} Re4 {[%clk 00:02:07]} {[%emt 00:00:49]} 34. Qd3 {[%clk 00:01:17]}
{[%emt 00:00:16]} Qg2 {[%clk 00:02:19]} {[%emt 00:00:17]} 35. Rc8+ {[%clk
00:01:43]} {[%emt 00:00:04]} Kh7 {[%clk 00:02:37]} {[%emt 00:00:13]} 36. Rxh4+
{[%clk 00:02:10]} {[%emt 00:00:02]} Kg6 {[%clk 00:03:00]} {[%emt 00:00:08]} 37.
Rxe4 {[%clk 00:01:45]} {[%emt 00:00:55]} dxe4 {[%clk 00:03:26]} {[%emt
00:00:04]} 38. Qc4 {[%clk 00:00:55]} {[%emt 00:01:20]} Qg4 {[%clk 00:02:00]}
{[%emt 00:01:56]} 39. Rc6+ {[%clk 00:00:45]} {[%emt 00:00:40]} f6 {[%clk
00:02:24]} {[%emt 00:00:06]} 40. Rd6 {[%clk 00:00:43]} {[%emt 00:00:32]} Qf5
{[%clk 00:01:04]} {[%emt 00:01:49]} 41. Re6 {[%clk 00:22:56]} {[%emt 00:08:17]}
Qa5+ {[%clk 00:26:40]} {[%emt 00:04:55]} 42. b4 {[%clk 00:23:20]} {[%emt
00:00:05]} Qa7 {[%clk 00:26:20]} {[%emt 00:00:50]} 43. Qxe4+ {[%clk 00:23:01]}
{[%emt 00:00:49]} Kf7 {[%clk 00:26:33]} {[%emt 00:00:17]} 44. Qd5 {[%clk
00:22:22]} {[%emt 00:01:09]} Kg6 {[%clk 00:26:39]} {[%emt 00:00:24]} 45. Ke1
{[%clk 00:21:29]} {[%emt 00:01:23]} Rh2 {[%clk 00:25:17]} {[%emt 00:01:52]} 46.
Nf4+ {[%clk 00:21:34]} {[%emt 00:00:25]} Kh6 {[%clk 00:25:12]} {[%emt
00:00:36]} 47. Re8 {[%clk 00:21:50]} {[%emt 00:00:13]} g5 {[%clk 00:23:34]}
{[%emt 00:02:08]} 48. Rh8+ {[%clk 00:22:08]} {[%emt 00:00:12]} Qh7 {[%clk
00:23:53]} {[%emt 00:00:11]} 49. Rxh7+ {[%clk 00:22:30]} {[%emt 00:00:09]} Kxh7
{[%clk 00:24:19]} {[%emt 00:00:04]} 50. Qf7+ {[%clk 00:22:56]} {[%emt
00:00:04]} Kh8 {[%clk 00:24:44]} {[%emt 00:00:06]} 51. Ng6# {[%clk 00:23:21]}
{[%emt 00:00:04]} 1-0

[Event "ODJM A 2023"]
[Site "Willingen GER"]
[Date "2023.06.03"]
[Round "9"]
[White "Bold, André"]
[Black "Koll, Linus"]
[Result "1/2-1/2"]
[Termination "normal"]
[Board "4"]
[WhiteElo "2194"]
[BlackElo "2084"]
[WhiteClock "00:19:36"]
[BlackClock "00:02:28"]
[PlyCount "76"]
[WhiteFideId "16208471"]
[BlackFideId "12990299"]
[EventCountry "GER"]
[EventRounds "9"]
[EventType "swiss"]
[EventDate "2023.05.27"]

1. d4 {[%clk 01:30:58]} Nf6 {[%clk 01:30:56]} {[%emt 00:00:05]} 2. Nf3 {[%clk
01:31:24]} {[%emt 00:00:04]} d5 {[%clk 01:31:23]} {[%emt 00:00:04]} 3. c4
{[%clk 01:31:50]} {[%emt 00:00:04]} c6 {[%clk 01:31:49]} {[%emt 00:00:04]} 4.
Nc3 {[%clk 01:32:15]} {[%emt 00:00:04]} e6 {[%clk 01:32:14]} {[%emt 00:00:05]}
5. cxd5 {[%clk 01:32:39]} {[%emt 00:00:06]} exd5 {[%clk 01:31:36]} {[%emt
00:01:08]} 6. Bg5 {[%clk 01:33:04]} {[%emt 00:00:05]} Be7 {[%clk 01:31:47]}
{[%emt 00:00:20]} 7. Qc2 {[%clk 01:32:16]} {[%emt 00:01:17]} O-O {[%clk
01:30:53]} {[%emt 00:01:24]} 8. e3 {[%clk 01:32:30]} {[%emt 00:00:15]} Ne4
{[%clk 01:22:51]} {[%emt 00:08:33]} 9. Nxe4 {[%clk 01:22:47]} {[%emt 00:10:13]}
dxe4 {[%clk 01:23:06]} {[%emt 00:00:15]} 10. Bxe7 {[%clk 01:23:12]} {[%emt
00:00:04]} Qxe7 {[%clk 01:23:30]} {[%emt 00:00:07]} 11. Nd2 {[%clk 01:23:35]}
{[%emt 00:00:06]} f5 {[%clk 01:18:23]} {[%emt 00:05:37]} 12. Bc4+ {[%clk
01:17:37]} {[%emt 00:06:28]} Kh8 {[%clk 01:13:54]} {[%emt 00:04:59]} 13. h4
{[%clk 01:11:36]} {[%emt 00:06:30]} Nd7 {[%clk 01:12:19]} {[%emt 00:02:06]} 14.
Nb3 {[%clk 01:01:26]} {[%emt 00:10:39]} Nb6 {[%clk 01:04:36]} {[%emt 00:08:14]}
15. a3 {[%clk 00:49:57]} {[%emt 00:11:59]} Nxc4 {[%clk 00:52:39]} {[%emt
00:12:27]} 16. Qxc4 {[%clk 00:50:22]} {[%emt 00:00:04]} Be6 {[%clk 00:52:04]}
{[%emt 00:01:05]} 17. Qc5 {[%clk 00:48:23]} {[%emt 00:02:28]} Qf7 {[%clk
00:51:21]} {[%emt 00:01:14]} 18. Nd2 {[%clk 00:48:17]} {[%emt 00:00:37]} Bd5
{[%clk 00:51:14]} {[%emt 00:00:37]} 19. g3 {[%clk 00:44:14]} {[%emt 00:04:32]}
b6 {[%clk 00:45:49]} {[%emt 00:05:55]} 20. Qc3 {[%clk 00:44:39]} {[%emt
00:00:05]} Qh5 {[%clk 00:43:48]} {[%emt 00:02:31]} 21. Nc4 {[%clk 00:41:46]}
{[%emt 00:03:23]} f4 {[%clk 00:28:08]} {[%emt 00:16:10]} 22. gxf4 {[%clk
00:41:20]} {[%emt 00:00:56]} g5 {[%clk 00:26:49]} {[%emt 00:01:49]} 23. Ne5
{[%clk 00:38:49]} {[%emt 00:03:02]} gxf4 {[%clk 00:26:45]} {[%emt 00:00:34]}
24. Kd2 {[%clk 00:37:10]} {[%emt 00:02:09]} fxe3+ {[%clk 00:27:05]} {[%emt
00:00:09]} 25. Qxe3 {[%clk 00:37:36]} {[%emt 00:00:04]} Qf5 {[%clk 00:27:23]}
{[%emt 00:00:12]} 26. Raf1 {[%clk 00:36:32]} {[%emt 00:01:34]} c5 {[%clk
00:23:55]} {[%emt 00:03:58]} 27. Kc1 {[%clk 00:34:35]} {[%emt 00:02:27]} Rae8
{[%clk 00:23:39]} {[%emt 00:00:46]} 28. Rhg1 {[%clk 00:29:10]} {[%emt
00:05:55]} cxd4 {[%clk 00:22:46]} {[%emt 00:01:23]} 29. Ng6+ {[%clk 00:29:35]}
{[%emt 00:00:04]} Qxg6 {[%clk 00:22:57]} {[%emt 00:00:20]} 30. Qxd4+ {[%clk
00:29:53]} {[%emt 00:00:13]} Qf6 {[%clk 00:22:18]} {[%emt 00:01:08]} 31. Qxd5
{[%clk 00:30:14]} {[%emt 00:00:09]} Re5 {[%clk 00:20:05]} {[%emt 00:02:42]} 32.
Qb3 {[%clk 00:28:21]} {[%emt 00:02:22]} Rf5 {[%clk 00:09:45]} {[%emt 00:10:51]}
33. Rg3 {[%clk 00:22:05]} {[%emt 00:06:45]} Qxh4 {[%clk 00:04:31]} {[%emt
00:05:45]} 34. Rfg1 {[%clk 00:21:11]} {[%emt 00:01:25]} Qd8 {[%clk 00:04:18]}
{[%emt 00:00:43]} 35. Qc3+ {[%clk 00:18:18]} {[%emt 00:03:22]} Qf6 {[%clk
00:04:23]} {[%emt 00:00:25]} 36. Qb3 {[%clk 00:18:45]} {[%emt 00:00:03]} Qd8
{[%clk 00:03:56]} {[%emt 00:00:57]} 37. Qc3+ {[%clk 00:19:10]} {[%emt
00:00:05]} Qf6 {[%clk 00:02:47]} {[%emt 00:01:40]} 38. Qb3 {[%clk 00:19:36]}
{[%emt 00:00:03]} Qd8 {[%clk 00:02:28]} {[%emt 00:00:49]} 1/2-1/2

[Event "ODJM A 2023"]
[Site "Willingen GER"]
[Date "2023.06.03"]
[Round "9"]
[White "Lohr, Maximilian"]
[Black "Rohm, Linus"]
[Result "1/2-1/2"]
[Termination "normal"]
[Board "5"]
[WhiteElo "2106"]
[BlackElo "1911"]
[WhiteClock "00:15:43"]
[BlackClock "00:36:05"]
[PlyCount "56"]
[WhiteFideId "12999717"]
[BlackFideId "16298217"]
[EventCountry "GER"]
[EventRounds "9"]
[EventType "swiss"]
[EventDate "2023.05.27"]

1. e4 {[%clk 01:30:58]} e6 {[%clk 01:30:53]} {[%emt 00:00:08]} 2. d4 {[%clk
01:30:50]} {[%emt 00:00:39]} d5 {[%clk 01:31:16]} {[%emt 00:00:11]} 3. Nc3
{[%clk 01:31:09]} {[%emt 00:00:06]} Bb4 {[%clk 01:31:25]} {[%emt 00:00:22]} 4.
Qd3 {[%clk 01:30:02]} {[%emt 00:01:37]} dxe4 {[%clk 01:29:42]} {[%emt
00:02:13]} 5. Qxe4 {[%clk 01:29:28]} {[%emt 00:01:03]} Nf6 {[%clk 01:29:27]}
{[%emt 00:00:45]} 6. Qh4 {[%clk 01:29:36]} {[%emt 00:00:22]} c5 {[%clk
01:27:31]} {[%emt 00:02:27]} 7. dxc5 {[%clk 01:28:48]} {[%emt 00:01:18]} Qa5
{[%clk 01:23:58]} {[%emt 00:04:02]} 8. Bd2 {[%clk 01:25:31]} {[%emt 00:03:47]}
Nbd7 {[%clk 01:24:05]} {[%emt 00:00:25]} 9. a3 {[%clk 01:25:12]} {[%emt
00:00:49]} Bxc3 {[%clk 01:23:32]} {[%emt 00:01:02]} 10. Bxc3 {[%clk 01:25:36]}
{[%emt 00:00:08]} Qxc5 {[%clk 01:23:36]} {[%emt 00:00:25]} 11. O-O-O {[%clk
01:25:13]} {[%emt 00:00:52]} a5 {[%clk 01:22:31]} {[%emt 00:01:35]} 12. Nf3
{[%clk 01:19:59]} {[%emt 00:05:44]} b6 {[%clk 01:18:54]} {[%emt 00:04:08]} 13.
Bd4 {[%clk 01:16:12]} {[%emt 00:04:17]} Qc7 {[%clk 01:16:30]} {[%emt 00:02:53]}
14. Bb5 {[%clk 01:08:42]} {[%emt 00:08:00]} O-O {[%clk 01:14:43]} {[%emt
00:02:17]} 15. Rhe1 {[%clk 01:01:10]} {[%emt 00:08:02]} Bb7 {[%clk 01:04:54]}
{[%emt 00:10:20]} 16. Bxd7 {[%clk 00:45:57]} {[%emt 00:15:44]} Nxd7 {[%clk
01:04:29]} {[%emt 00:00:54]} 17. Qg4 {[%clk 00:33:31]} {[%emt 00:12:56]} g6
{[%clk 01:03:53]} {[%emt 00:01:06]} 18. Bc3 {[%clk 00:33:27]} {[%emt 00:00:32]}
Bxf3 {[%clk 00:58:50]} {[%emt 00:05:33]} 19. Qxf3 {[%clk 00:31:57]} {[%emt
00:02:00]} e5 {[%clk 00:57:10]} {[%emt 00:02:11]} 20. Rd5 {[%clk 00:30:15]}
{[%emt 00:02:11]} Rfe8 {[%clk 00:54:15]} {[%emt 00:03:26]} 21. Kb1 {[%clk
00:25:47]} {[%emt 00:04:57]} Rac8 {[%clk 00:50:19]} {[%emt 00:04:27]} 22. h4
{[%clk 00:23:32]} {[%emt 00:02:44]} Re6 {[%clk 00:45:45]} {[%emt 00:05:04]} 23.
h5 {[%clk 00:22:54]} {[%emt 00:01:07]} Rce8 {[%clk 00:45:24]} {[%emt 00:00:52]}
24. Qg3 {[%clk 00:20:03]} {[%emt 00:03:21]} Qc6 {[%clk 00:44:14]} {[%emt
00:01:41]} 25. Red1 {[%clk 00:18:08]} {[%emt 00:02:24]} Nf6 {[%clk 00:36:59]}
{[%emt 00:07:45]} 26. Rxe5 {[%clk 00:17:33]} {[%emt 00:01:05]} Ne4 {[%clk
00:36:01]} {[%emt 00:01:28]} 27. Rxe6 {[%clk 00:17:33]} {[%emt 00:00:30]} Qxe6
{[%clk 00:36:30]} {[%emt 00:00:02]} 28. Qc7 {[%clk 00:15:43]} {[%emt 00:02:19]}
Nxc3+ {[%clk 00:36:05]} {[%emt 00:00:54]} 1/2-1/2